Central Library OPAC University of Rajshahi

The psychology of society / (Record no. 33068)

MARC details
000 -LEADER
fixed length control field 00866nam a22002892a 4500
001 - CONTROL NUMBER
control field 33068
003 - CONTROL NUMBER IDENTIFIER
rucl marc code BD-RjUL
005 - DATE AND TIME OF LATEST TRANSACTION
control field 20211209051935.0
008 - FIXED-LENGTH DATA ELEMENTS--GENERAL INFORMATION
fixed length control field 140430r19211960enk b 001 0 eng d
035 ## - SYSTEM CONTROL NUMBER
System control number (BD-RjUL)33159
040 ## - CATALOGING SOURCE
Original cataloging agency URB
Transcribing agency URB
Modifying agency OCL
-- PIT
-- UKM
-- BD-RjUL
Language of cataloging eng
041 ## - LANGUAGE CODE
Language code of text/sound track or separate title eng
082 ## - DEWEY DECIMAL CLASSIFICATION NUMBER
Classification number 301.1
Edition number 18
Author mark and year GIP 1960
090 ## - LOCALLY ASSIGNED LC-TYPE CALL NUMBER (OCLC); LOCAL CALL NUMBER (OCLC)
Classification number (OCLC) (R) ; Classification number, CALL (RLIN) (NR) HM251
Local cutter number (OCLC) ; Book number/undivided call number, CALL (RLIN) .G6 1964b
100 1# - MAIN ENTRY--PERSONAL NAME
Personal name Ginsberg, Morris,
Dates associated with a name 1889-1970.
9 (RLIN) 100225
245 14 - TITLE STATEMENT
Title The psychology of society /
Statement of responsibility, etc. Morris Ginsberg
250 ## - EDITION STATEMENT
Edition statement 8th ed., rev. and reset
260 ## - PUBLICATION, DISTRIBUTION, ETC. (IMPRINT)
Place of publication, distribution, etc. London :
Name of publisher, distributor, etc. Methuen,
Date of publication, distribution, etc. 1921 [Reprinted 1960]
300 ## - PHYSICAL DESCRIPTION
Pagination 187 p. ;
Size 22 cm
490 1# - SERIES STATEMENT
Series statement University paperbacks ;
Volume/sequential designation 78
504 ## - BIBLIOGRAPHY, ETC. NOTE
Bibliography, etc Bibliography: p. [147]-149 & Includes index
650 #0 - SUBJECT ADDED ENTRY--TOPICAL TERM
Topical term or geographic name as entry element Social psychology
9 (RLIN) 100492
830 #0 - SERIES ADDED ENTRY--UNIFORM TITLE
Volume number/sequential designation 78
Uniform title University paperbacks ;
942 ## - ADDED ENTRY ELEMENTS (KOHA)
Source of classification or shelving scheme Dewey Decimal Classification
Koha item type Books
Holdings
Lost status Source of classification or shelving scheme Damaged status Not for loan Collection code Permanent Location Current Location Shelving location Date acquired Source of acquisition Cost, normal purchase price Total Checkouts Full call number Date last seen Copy number Koha item type
  Dewey Decimal Classification     Non-fiction Central Library, University of Rajshahi Central Library, University of Rajshahi   12/12/1964 Warsi Book Corporation 14.50   301.1 GIP 1960 30/04/2014 C-4 Books
  Dewey Decimal Classification     Non-fiction Central Library, University of Rajshahi Central Library, University of Rajshahi   05/04/1964 Green Book House 10.44   301.1 GIP 1960 30/04/2014 C-3 Books
  Dewey Decimal Classification     Non-fiction Central Library, University of Rajshahi Central Library, University of Rajshahi   22/09/1955 B.H.Blackwell 0.00   301.1 GIP 1954 30/04/2014 C-5 Books
  Dewey Decimal Classification     Non-fiction Central Library, University of Rajshahi Central Library, University of Rajshahi   22/09/1955 U.B.D, Rajshahi 5.60   301.1 GIP 1954 30/07/2016 C-2 Books